Irish Political Parties 2023 - Statistics

General Stats
  • This quiz has been taken 50 times
  • The average score is 7 of 8
Answer Stats
Picture Answer % Correct
Labour
100%
Sinn Fein
100%
Fianna Fail
97%
Fine Gael
97%
Green Party
90%
Social Democrats
77%
People Before Profit
74%
Aontu
64%
No matching quizzes found
Score Distribution
Percent of People with Each Score
Percentile by Number Answered
Your Score History
You have not taken this quiz